सवाल आपके जवाब डॉक्टर के / (Record no. 121379)
[ view plain ]
| 000 -LEADER | |
|---|---|
| fixed length control field | 01244nam a22002657a 4500 |
| 005 - DATE AND TIME OF LATEST TRANSACTION | |
| control field | 20170124103213.0 |
| 010 ## - LIBRARY OF CONGRESS CONTROL NUMBER | |
| LC control number | B-091613 |
| 020 ## - INTERNATIONAL STANDARD BOOK NUMBER | |
| Terms of availability | 200.00 |
| International Standard Book Number | 8188140384 |
| 035 ## - SYSTEM CONTROL NUMBER | |
| System control number | B-091613 |
| 037 ## - SOURCE OF ACQUISITION | |
| Source of stock number/acquisition | Cen Lib/Ret |
| 040 ## - CATALOGING SOURCE | |
| Original cataloging agency | DPL |
| Language of cataloging | HN |
| 082 ## - DEWEY DECIMAL CLASSIFICATION NUMBER | |
| Classification number | 616 |
| Item number | श्रीवास्त |
| 100 ## - MAIN ENTRY--PERSONAL NAME | |
| Personal name | श्रीवास्तव, एम.पी. |
| 9 (RLIN) | 46308 |
| 245 ## - TITLE STATEMENT | |
| Title | सवाल आपके जवाब डॉक्टर के / |
| Statement of responsibility, etc | एम.पी. श्रीवास्तव [एवं] संजय श्रीवास्तव |
| 246 ## - VARYING FORM OF TITLE | |
| Title proper/short title | Sawal apke javab doctor ke / |
| Remainder of title | by M.P. Shrivastava [evam] Sanjay Shrivastava |
| 260 ## - PUBLICATION, DISTRIBUTION, ETC. (IMPRINT) | |
| Place of publication, distribution, etc | नई दिल्ली |
| Name of publisher, distributor, etc | विद्या विहार |
| Date of publication, distribution, etc | 2004 |
| 270 ## - ADDRESS | |
| City | नई दिल्ली |
| Address | 1660 कूचा दखनीराय, दरियागंज |
| Postal code | 110002 |
| 300 ## - PHYSICAL DESCRIPTION | |
| Extent | 191पृ. |
| Dimensions | 20सेमी(सजिल्द ) |
| 650 ## - SUBJECT ADDED ENTRY--TOPICAL TERM | |
| Topical term or geographic name as entry element | स्वास्थ्य |
| General subdivision | |
| Geographic subdivision | |
| 9 (RLIN) | 96855 |
| 650 ## - SUBJECT ADDED ENTRY--TOPICAL TERM | |
| Topical term or geographic name as entry element | स्वास्थ्य विज्ञान |
| 9 (RLIN) | 96856 |
| 650 ## - SUBJECT ADDED ENTRY--TOPICAL TERM | |
| Topical term or geographic name as entry element | Health |
| 9 (RLIN) | 96857 |
| 650 ## - SUBJECT ADDED ENTRY--TOPICAL TERM | |
| Topical term or geographic name as entry element | Health Science |
| 9 (RLIN) | 16285 |
| 700 ## - ADDED ENTRY--PERSONAL NAME | |
| Personal name | श्रीवास्तव, संजय |
| 9 (RLIN) | 44829 |
| 942 ## - ADDED ENTRY ELEMENTS (KOHA) | |
| Source of classification or shelving scheme | Dewey Decimal Classification |
| Koha item type | Hindi Books |
| Classification part | 616 |
| Call number suffix | श्रीवास्त |
| Withdrawn status | Lost status | Damaged status | Not for loan | Home library | Current library | Date acquired | Source of acquisition | Cost, normal purchase price | Total Checkouts | Full call number | Barcode | Date last seen | Copy number | Cost, replacement price | Price effective from | Koha item type |
|---|---|---|---|---|---|---|---|---|---|---|---|---|---|---|---|---|
| Central Library | Central Library | 06/10/2015 | Cen Lib/Ref | 200.00 | 616 श्रीवास्त | B-091613 | 06/10/2015 | 1 | 200.00 | 06/10/2015 | Hindi Books |
